MARC details
| 000 -CABECERA |
| campo de control de longitud fija |
02162nam a2200361 a 4500 |
| 001 - NÚMERO DE CONTROL |
| campo de control |
000000266 |
| 003 - IDENTIFICADOR DEL NÚMERO DE CONTROL |
| campo de control |
DO-SdBNP |
| 005 - FECHA Y HORA DE LA ÚLTIMA TRANSACCIÓN |
| campo de control |
20251027111908.0 |
| 008 - DATOS DE LONGITUD FIJA--INFORMACIÓN GENERAL |
| campo de control de longitud fija |
081112s2007 dr abc r 000 0 spa d |
| 040 ## - FUENTE DE LA CATALOGACIÓN |
| Centro catalogador/agencia de origen |
DO-SdBNP |
| Lengua de catalogación |
spa |
| Centro/agencia transcriptor |
BNPHU |
| 082 ## - NÚMERO DE LA CLASIFICACIÓN DECIMAL DEWEY |
| Número de clasificación |
917 |
| Número de documento/Ítem |
C719g, 2007 |
| 100 1# - ENTRADA PRINCIPAL--NOMBRE DE PERSONA |
| Nombre de persona |
Colón, Juan, |
| Fechas asociadas al nombre |
1962- |
| 9 (RLIN) |
863 |
| 245 10 - MENCIÓN DE TÍTULO |
| Título |
Geografía e historia de América y de los pueblos del Caribe : |
| Resto del título |
2do. grado del 1er. ciclo / |
| Mención de responsabilidad, etc. |
Juan Colón. |
| 250 ## - MENCIÓN DE EDICIÓN |
| Mención de edición |
5a ed. |
| 260 ## - PUBLICACIÓN, DISTRIBUCIÓN, ETC. |
| Lugar de publicación, distribución, etc. |
Santo Domingo : |
| Nombre del editor, distribuidor, etc. |
Secretaría de Estado de Educación, |
| Fecha de publicación, distribución, etc. |
2007. |
| 300 ## - DESCRIPCIÓN FÍSICA |
| Extensión |
247 p. : |
| Otras características físicas |
il., map., retrs. ; |
| Dimensiones |
27 cm. |
| 500 ## - NOTA GENERAL |
| Nota general |
Incluye datos biografícos del autor en la contracubierta. |
| 500 ## - NOTA GENERAL |
| Nota general |
La biblioteca posee la reimpresión del 2013 |
| 505 0# - NOTA DE CONTENIDO CON FORMATO |
| Información miscelánea |
Unidad 1. |
| Título |
El continente americano -- |
| Información miscelánea |
Unidad 2. |
| Título |
Culturas clásicas americanas y caribeñas -- |
| Información miscelánea |
Unidad 3. |
| Título |
La Colonización Europea -- |
| Información miscelánea |
Unidad 4. |
| Título |
Movimientos emancipadores e integracionistas de América -- |
| Información miscelánea |
Unidad 5. |
| Título |
Formación de nuevas naciones en el Caribe. Guerra hispanoamericana. Injerencia e intervención de Estados Unidos en América Central y las Antillas -- |
| Información miscelánea |
Unidad 6. |
| Título |
Diversidad histórico-Social del continente americano -- |
| Información miscelánea |
Unidad 7. |
| Título |
Desarrollo económico, tecnológico y cultural, así como problemas demográficos y subdesarrollo de los pueblos de América hoy -- |
| Información miscelánea |
Unidad 8. |
| Título |
Recursos de América y del Caribe -- |
| Información miscelánea |
Unidad 9. |
| Título |
El Proceso de urbanización en América. Relaciones políticas, económicas y culturales. |
| 650 #4 - PUNTO DE ACCESO ADICIONAL DE MATERIA--TÉRMINO DE MATERIA |
| Término de materia o nombre geográfico como elemento de entrada |
Geografía |
| Subdivisión general |
Libros texto |
| 9 (RLIN) |
864 |
| 650 #4 - PUNTO DE ACCESO ADICIONAL DE MATERIA--TÉRMINO DE MATERIA |
| Término de materia o nombre geográfico como elemento de entrada |
Geografía |
| Subdivisión general |
Problemas, ejercicios, etc,. |
| 9 (RLIN) |
76740 |
| 650 #4 - PUNTO DE ACCESO ADICIONAL DE MATERIA--TÉRMINO DE MATERIA |
| Término de materia o nombre geográfico como elemento de entrada |
Geografía |
| Subdivisión general |
Enseñanza secundaria |
| 9 (RLIN) |
76742 |
| 650 #4 - PUNTO DE ACCESO ADICIONAL DE MATERIA--TÉRMINO DE MATERIA |
| Término de materia o nombre geográfico como elemento de entrada |
Historia |
| Subdivisión general |
Enseñanza secundaria |
| 9 (RLIN) |
76743 |
| 651 #4 - PUNTO DE ACCESO ADICIONAL DE MATERIA--NOMBRE GEOGRÁFICO |
| Nombre geográfico |
América |
| Subdivisión general |
Historia |
| -- |
Libros de texto |
| 9 (RLIN) |
865 |
| 651 #4 - PUNTO DE ACCESO ADICIONAL DE MATERIA--NOMBRE GEOGRÁFICO |
| Nombre geográfico |
Caribe (Región) |
| Subdivisión general |
Descripciones y viajes |
| 9 (RLIN) |
87401 |
| 651 #4 - PUNTO DE ACCESO ADICIONAL DE MATERIA--NOMBRE GEOGRÁFICO |
| Nombre geográfico |
América |
| Subdivisión general |
Descripciones y viajes |
| 9 (RLIN) |
867 |
| 651 #4 - PUNTO DE ACCESO ADICIONAL DE MATERIA--NOMBRE GEOGRÁFICO |
| Nombre geográfico |
América |
| Subdivisión general |
Condiciones económicas |
| 9 (RLIN) |
868 |
| 651 #4 - PUNTO DE ACCESO ADICIONAL DE MATERIA--NOMBRE GEOGRÁFICO |
| Nombre geográfico |
América |
| Subdivisión general |
Aspectos sociales |
| 9 (RLIN) |
869 |
| 651 #4 - PUNTO DE ACCESO ADICIONAL DE MATERIA--NOMBRE GEOGRÁFICO |
| Nombre geográfico |
América |
| Subdivisión general |
Aspectos Políticos |
| 9 (RLIN) |
870 |
| 651 #0 - PUNTO DE ACCESO ADICIONAL DE MATERIA--NOMBRE GEOGRÁFICO |
| Nombre geográfico |
Caribe (Región) |
| Subdivisión general |
Historia |
| -- |
Problemas, ejercicios, etc. |
| 9 (RLIN) |
87401 |
| 910 ## - DATOS DE OPCIÓN DEL USUARIO (OCLC) |
| Datos de opción del usuario |
Validado. Control de calidad MFF |
| 942 ## - ELEMENTOS DE PUNTO DE ACCESO ADICIONAL (KOHA) |
| Fuente del sistema de clasificación o colocación |
Dewey Decimal Classification |
| Tipo de ítem Koha |
Libro |